Upgrading and repairing PCs / (Record no. 7659)
[ view plain ]
| 000 -LEADER | |
|---|---|
| fixed length control field | 00656cam a22002172 4500 |
| 001 - CONTROL NUMBER | |
| control field | 0000008626 |
| 005 - DATE AND TIME OF LATEST TRANSACTION | |
| control field | 20151217152038.0 |
| 008 - FIXED-LENGTH DATA ELEMENTS--GENERAL INFORMATION | |
| fixed length control field | 080507s xx 000 0 eng d |
| 020 ## - INTERNATIONAL STANDARD BOOK NUMBER | |
| International Standard Book Number | 0789734044 : |
| Terms of availability | KES 1895 |
| 040 ## - CATALOGING SOURCE | |
| Original cataloging agency | KABU |
| Transcribing agency | KABU |
| 100 1# - MAIN ENTRY--PERSONAL NAME | |
| Personal name | Mueller, Scott. |
| -- | 0000160593 |
| 245 10 - TITLE STATEMENT | |
| Title | Upgrading and repairing PCs / |
| Statement of responsibility, etc. | Scott Mueller. |
| 250 ## - EDITION STATEMENT | |
| Edition statement | 17th ed. |
| 260 ## - PUBLICATION, DISTRIBUTION, ETC. (IMPRINT) | |
| Place of publication, distribution, etc. | Indianapolis, IN : |
| Name of publisher, distributor, etc. | Que, |
| Date of publication, distribution, etc. | 2006. |
| 300 ## - PHYSICAL DESCRIPTION | |
| Extent | 1582 p. |
| 650 #0 - SUBJECT ADDED ENTRY--TOPICAL TERM | |
| Topical term or geographic name as entry element | Microcomputers |
| General subdivision | Maintenance and repairs. |
| -- | 0000160594 |
| 650 #0 - SUBJECT ADDED ENTRY--TOPICAL TERM | |
| Topical term or geographic name as entry element | Microcomputers |
| General subdivision | Upgrading. |
| -- | 0000156435 |
| 908 ## - PUT COMMAND PARAMETER (RLIN) | |
| Put command parameter | 080507 |
| 950 ## - LOCAL HOLDINGS (RLIN) | |
| -- | 1 |
| Withdrawn status | Lost status | Source of classification or shelving scheme | Not for loan | Home library | Current library | Date acquired | Total Checkouts | Full call number | Barcode | Date last seen | Date last checked out | Price effective from | Koha item type |
|---|---|---|---|---|---|---|---|---|---|---|---|---|---|
| Library of Congress Classification | Kabarak, Main Campus | Kabarak, Main Campus | 17/12/2015 | 1 | TK7887 .M84 2006 | 008855 | 02/06/2016 | 31/05/2016 | 17/12/2015 | General Collection |